[Event "Detroit (MOR/7/29)"]
[Site "?"]
[Date "1990.??.??"]
[Round "?"]
[White "James, Larry"]
[Black "Tanner, M."]
[Result "1/2-1/2"]
[WhiteElo "1605"]
[BlackElo "1655"]
[PlyCount "120"]
[EventDate "1990.??.??"]

{7/(29)} 1. d4 Nf6 2. c4 c5 3. e3 cxd4 4. exd4 d5 5. c5 g6 6. Nf3 Bg7 7. Be2
O-O 8. O-O b6 9. Be3 bxc5 10. dxc5 a5 11. Nbd2 Na6 12. a3 Bb7 13. Rb1 Nd7 14.
b4 axb4 15. axb4 Bc3 16. Bxa6 Bxa6 17. b5 Bc8 18. b6 Bb7 19. Qb3 d4 20. Nxd4
Bxd2 21. Bxd2 Nxc5 22. Qe3 Qd5 23. Nf3 Ne4 24. Rfd1 Nxd2 25. Rxd2 Qe4 26. Qxe4
Bxe4 27. Re1 Bxf3 28. gxf3 Rab8 29. Rb2 Rb7 30. Rc1 Rfb8 31. Rcb1 e5 32. Kf1 f5
33. Ke2 Kf7 34. h4 h6 35. Kd3 Ke6 36. Kc4 Kd6 37. Rb5 Rc8+ 38. Kd3 Rc5 39. Rxc5
Kxc5 40. Re1 Rxb6 41. Rxe5+ Kd6 42. Ra5 Ke6 43. Ke2 Kf6 44. Kf1 Rb4 45. Ra6+
Ke5 46. Rxg6 Rxh4 47. Kg2 Rh5 48. Ra6 Rg5+ 49. Kh3 Rh5+ 50. Kg3 Rg5+ 51. Kh4
Rg1 52. Kh3 h5 53. Kh2 Rg5 54. Ra4 f4 55. Ra5+ Kf6 56. Rxg5 Kxg5 57. Kh3 Kh6
58. Kh4 Kg6 59. Kh3 Kg5 60. Kg2 Kh4 1/2-1/2

[Event "Detroit (MOR/1a/6)"]
[Site "?"]
[Date "1990.??.??"]
[Round "?"]
[White "James, Larry"]
[Black "Robbins, Fred"]
[Result "0-1"]
[WhiteElo "1605"]
[BlackElo "1780"]
[PlyCount "138"]
[EventDate "1990.??.??"]

1. e4 Nf6 2. Nc3 d5 3. Bb5+ c6 4. Ba4 d4 5. e5 Nd5 6. Nxd5 Qxd5 7. Nf3 Bg4 8.
Bb3 Qe4+ 9. Qe2 Bxf3 10. gxf3 Qxe2+ 11. Kxe2 e6 12. d3 Nd7 13. Bf4 g6 14. Bg3
Bg7 15. f4 O-O 16. a3 a5 17. Ba2 b5 18. f3 Rfc8 19. Bf2 c5 20. Kd2 Bh6 21. Bg3
Nxe5 22. Rhf1 c4 23. dxc4 bxc4 24. c3 d3 25. Rae1 Nd7 26. Re4 Nb6 27. Bf2 Rab8
28. Bxb6 Rxb6 29. Bxc4 Rxb2+ 30. Kxd3 Rxh2 31. Ke3 Rc5 32. Kd4 Rf5 33. a4 Rh4
34. Bb5 Rfxf4 35. Rxf4 Rxf4+ 36. Ke5 Rf5+ 37. Ke4 Rc5 38. c4 Bg7 39. Rd1 h5 40.
Rd8+ Kh7 41. Rd7 f5+ 42. Kf4 Kh6 43. Ra7 Bc3 44. Ra6 e5+ 45. Kg3 Rc8 46. Rd6
Kg5 47. Rd5 h4+ 48. Kg2 Kf4 49. c5 Be1 50. c6 h3+ 51. Kxh3 Kxf3 52. Rd3+ Ke4
53. Rd1 Bf2 54. Rd2 Bd4 55. Rc2 Rc7 56. Kh4 Kf4 57. Kh3 g5 58. Kg2 Bb6 59. Rc3
e4 60. Be2 Ke5 61. Bh5 Kd4 62. Rc1 Bc5 63. Rd1+ Ke5 64. Be8 f4 65. Bd7 f3+ 66.
Kg3 f2 67. Kg4 Bb6 68. Kxg5 e3 69. Bg4 Rg7+ 0-1

[Event "Detroit (MOR/6/23)"]
[Site "?"]
[Date "1990.??.??"]
[Round "?"]
[White "James, Larry"]
[Black "Nixon, Peter"]
[Result "0-1"]
[WhiteElo "1605"]
[BlackElo "1605"]
[PlyCount "144"]
[EventDate "1990.??.??"]

{6/(23)} 1. d4 d5 2. c4 c6 3. Nc3 Nf6 4. Bg5 e6 5. Rc1 h6 6. Bxf6 Qxf6 7. cxd5
cxd5 8. Nxd5 exd5 9. Rxc8+ Kd7 10. Qc2 Bb4+ 11. Rc3 Qxd4 12. e3 Bxc3+ 13. bxc3
Qf6 14. Qb3 Kc7 15. Nf3 Rd8 16. Be2 Nc6 17. O-O Rac8 18. Rb1 Na5 19. Qa3 b6 20.
Nd4 Rd7 21. Bg4 Qg6 22. Bf5 Qf6 23. Nb5+ Kc6 24. Bxd7+ Kxd7 25. Rd1 Rc5 26. Qa4
Ke7 27. Qb4 Nc6 28. Qa3 Ke6 29. Nc7+ Ke5 30. f4+ Ke4 31. Qb3 Qxc3 32. Qxc3 Rxc3
33. Nxd5 Rd3 34. Rxd3 Kxd3 35. Kf2 Ke4 36. Nc3+ Kd3 37. Ne2 Nb4 38. a4 Nd5 39.
Nc1+ Ke4 40. Na2 Nxe3 41. Nc3+ Kd3 42. Nb5 a5 43. Nd6 f5 44. Nc8 Nd5 45. Nd6
Ne7 46. Ke1 Kc3 47. Kd1 Kb3 48. Kc1 Kxa4 49. Kb2 Kb4 50. h3 a4 51. g4 g6 52.
Nf7 a3+ 53. Ka2 Ng8 54. Ne5 Ne7 55. Nf3 fxg4 56. hxg4 Ka4 57. Nd2 b5 58. Nb3 b4
59. Nc5+ Kb5 60. Nb3 Nd5 61. f5 gxf5 62. gxf5 Kc4 63. Nd2+ Kd4 64. Kb3 Ke5 65.
Kc4 Ne3+ 66. Kxb4 a2 67. Nb3 Nxf5 68. Ka3 Kf4 69. Kb2 h5 70. Kxa2 h4 71. Nc5 h3
72. Nd3+ Kg3 0-1

[Event "Lansing (MI Am/3/41)"]
[Site "?"]
[Date "1990.??.??"]
[Round "?"]
[White "James, Larry"]
[Black "Motley, Gerald"]
[Result "0-1"]
[WhiteElo "1605"]
[BlackElo "1605"]
[PlyCount "90"]
[EventDate "1990.??.??"]

{3/(41)} 1. d4 d5 2. c4 dxc4 3. Nc3 Nf6 4. Bg5 e6 5. Nf3 Nc6 6. e3 Be7 7. Bxc4
a6 8. a3 b5 9. Bd3 Bb7 10. Qc2 g6 11. Nxb5 axb5 12. Bxb5 Qd5 13. Bxc6+ Bxc6 14.
Rc1 Ra6 15. Bh6 Qh5 16. Bg7 Rg8 17. Bxf6 Bxf6 18. Qe2 Rb6 19. Rc5 Qg4 20. O-O
Bxf3 21. Qxf3 Qxf3 22. gxf3 Kd7 23. b4 Ra8 24. Rfc1 c6 25. R1c3 Be7 26. R5c4
Ra4 27. Kf1 Bd6 28. f4 Rba6 29. Kg2 Rxa3 30. Rc1 R3a4 31. Rb1 Rb6 32. Kf3 Raxb4
33. Rcxb4 Rxb4 34. Rd1 f5 35. h4 Rb7 36. h5 gxh5 37. Rh1 Ke8 38. Rxh5 Kf8 39.
Rh6 Re7 40. Rh1 c5 41. dxc5 Bxc5 42. Rg1 Rg7 43. Rc1 Be7 44. Rc8+ Kf7 45. Rc1
h6 {[Remainder illegible; 0-1, 61?]} 0-1

[Event "Flint (Class DEU/1)"]
[Site "?"]
[Date "1990.??.??"]
[Round "?"]
[White "James, Larry"]
[Black "Landon, Robbie"]
[Result "1-0"]
[WhiteElo "1605"]
[BlackElo "1605"]
[PlyCount "43"]
[EventDate "1990.??.??"]

1. e4 e6 2. d4 d5 3. e5 c5 4. c3 Nc6 5. Nf3 Qb6 6. Bd3 cxd4 7. cxd4 Bb4+ 8. Nc3
Nge7 9. O-O Bd7 10. Be3 Nf5 11. Bxf5 exf5 12. Nxd5 Qb5 13. Nc7+ Kf8 14. Nxb5
Ne7 15. Qb3 Bxb5 16. Qxb4 Bxf1 17. Kxf1 b6 18. Bg5 Re8 19. Rc1 Kg8 20. Qxe7 Rf8
21. Qxf8+ Kxf8 22. Rc8# 1-0

[Event "Detroit (MOR/3/29)"]
[Site "?"]
[Date "1990.??.??"]
[Round "?"]
[White "James, Larry"]
[Black "Grzegorczyk, Ron"]
[Result "0-1"]
[WhiteElo "1605"]
[BlackElo "1705"]
[PlyCount "102"]
[EventDate "1990.??.??"]

{3/(29)} 1. d4 d5 2. c4 c6 3. Nc3 e6 4. Nf3 Nf6 5. Bg5 Be7 6. e3 O-O 7. Qc2
Nbd7 8. Bd3 g6 9. O-O Kg7 10. Rfe1 h6 11. Bh4 Nh7 12. Bg3 Ng5 13. Nh4 Ne4 14.
Nf3 Nxg3 15. hxg3 f5 16. Nh2 Nf6 17. f3 h5 18. cxd5 exd5 19. Rad1 Bd6 20. f4
Ne4 21. Nxe4 fxe4 22. Be2 h4 23. g4 g5 24. f5 Bg3 25. Nf1 Bxe1 26. Rxe1 Rh8 27.
Bd1 Qa5 28. Qc5 Qxc5 29. dxc5 b6 30. cxb6 axb6 31. a3 Ba6 32. Nd2 Bd3 33. Nb3
c5 34. Nc1 Rhe8 35. Nxd3 exd3 36. Bf3 Rad8 37. Kf2 c4 38. Rd1 Re5 39. b3 b5 40.
bxc4 dxc4 41. e4 Ra8 42. Rd2 Rxa3 43. Ke3 Kf6 44. Rb2 c3 45. Rb1 c2 46. Rc1 b4
47. Kd2 Rc5 48. e5+ Kxe5 49. Re1+ Kf6 50. Re6+ Kf7 51. Re1 b3 0-1

[Event "Flint (Class DEU/3)"]
[Site "?"]
[Date "1990.??.??"]
[Round "?"]
[White "James, Larry"]
[Black "Ellis, P."]
[Result "0-1"]
[WhiteElo "1605"]
[BlackElo "1605"]
[PlyCount "21"]
[EventDate "1990.??.??"]

1. e4 e5 2. f4 Nc6 3. Nf3 d6 4. Bc4 Be7 5. O-O Bg4 6. fxe5 dxe5 7. Bxf7+ Kxf7
8. Nxe5+ Ke8 9. Nxg4 Qd4+ 10. Nf2 Nf6 11. d3 {[Here Black castled illegally]}
0-1

[Event "Lansing (Jan)"]
[Site "?"]
[Date "1990.??.??"]
[Round "?"]
[White "Jackson, Don"]
[Black "Troupe, D."]
[Result "0-1"]
[WhiteElo "1605"]
[BlackElo "1605"]
[PlyCount "60"]
[EventDate "1990.??.??"]

1. d4 Nf6 2. e3 d5 3. Bd3 Nc6 4. c3 e5 5. f3 e4 6. fxe4 Bg4 7. Nf3 dxe4 8. Be2
exf3 9. gxf3 Bh5 10. Nd2 Nd5 11. Ne4 Qh4+ 12. Kd2 O-O-O 13. b4 f5 14. Ng3 Nde7
15. a4 f4 16. Nf1 fxe3+ 17. Nxe3 Qf4 18. Ke1 Nd5 19. Nxd5 Qh4+ 20. Kd2 Rxd5 21.
Bb2 Bd6 22. b5 Ne5 23. Kc2 Bg6+ 24. Kb3 Nd7 25. c4 Rg5 26. c5 Bf7+ 27. Kc3 Be7
28. Ba3 Rd8 29. Qc2 Nf6 30. b6 Qxd4# 0-1

[Event "Lansing (Apr)"]
[Site "?"]
[Date "1990.??.??"]
[Round "?"]
[White "Jackson, Don"]
[Black "Little, T."]
[Result "0-1"]
[WhiteElo "1605"]
[BlackElo "1605"]
[PlyCount "108"]
[EventDate "1990.??.??"]

1. e4 d6 2. d4 Nf6 3. Nc3 g6 4. Bc4 Bg7 5. Nf3 O-O 6. O-O Bg4 7. Qd3 c6 8. e5
dxe5 9. Nxe5 Bf5 10. Qg3 Nbd7 11. Bf4 Nh5 12. Qe3 Nxf4 13. Qxf4 e6 14. Ne2 Qc7
15. Nxd7 Qxd7 16. c3 Rac8 17. Rac1 c5 18. Rfd1 Qc7 19. Qxc7 Rxc7 20. d5 exd5
21. Rxd5 Be6 22. Nf4 Bxd5 23. Nxd5 Rd7 24. Re1 Kh8 25. Nf4 Rfd8 26. Kf1 h6 27.
g4 Bf6 28. Ng2 Rd2 29. Bxf7 Rxb2 30. Ne3 Kg7 31. Bb3 Bxc3 32. Rc1 Bd4 33. Nd1
Rd2 34. Ke1 Rd3 35. Bc4 Re8+ 36. Kf1 Rd2 37. Rb1 b6 38. Kg2 Rf8 39. Kg3 Bxf2+
40. Nxf2 Rdxf2 41. Bd5 Rf1 42. Rb2 Rc1 43. Be4 g5 44. Rd2 Rc3+ 45. Kg2 Rf7 46.
Bf5 Re7 47. Kf1 Rce3 48. Bd3 a6 49. Bxa6 R3e4 50. Rc2 Rf7+ 51. Kg1 Rxg4+ 52.
Rg2 Rxg2+ 53. Kxg2 Rf4 54. Kg3 c4 0-1

[Event "Lansing (Apr)"]
[Site "?"]
[Date "1990.??.??"]
[Round "?"]
[White "Jackson, Don"]
[Black "Hill, M."]
[Result "0-1"]
[WhiteElo "1605"]
[BlackElo "1605"]
[PlyCount "120"]
[EventDate "1990.??.??"]

1. e4 e6 2. d4 d5 3. e5 c5 4. c3 Nc6 5. Nf3 Qb6 6. Be2 cxd4 7. Qb3 Qxb3 8. axb3
dxc3 9. bxc3 Bc5 10. O-O Nge7 11. Bf4 O-O 12. Bd3 f6 13. Nbd2 fxe5 14. Bxe5
Nxe5 15. Nxe5 Nc6 16. Ndf3 Nxe5 17. Nxe5 Bd6 18. Rae1 Bxe5 19. Rxe5 Bd7 20.
Rfe1 a6 21. R1e3 Rf6 22. Rh3 h6 23. Ree3 Bb5 24. Bc2 Rc8 25. Reg3 Kf7 26. Rh4
e5 27. Rhg4 g5 28. h4 e4 29. hxg5 hxg5 30. Rxg5 Ke6 31. Bd1 Rcf8 32. Bg4+ Kd6
33. f3 e3 34. f4 Re8 35. f5 e2 36. Bxe2 Rxe2 37. Rg6 Ke5 38. Rg7 Re1+ 39. Kh2
Rh6+ 40. Rh3 Rxh3+ 41. Kxh3 Kxf5 42. g4+ Kf6 43. Rxb7 Re3+ 44. Kh4 Rxc3 45. g5+
Kg6 46. Rb6+ Rc6 47. Rb8 Bd3 48. Rh8 Kg7 49. Rd8 Be4 50. Rd7+ Kg6 51. Rd8 Rc7
52. Rd6+ Kg7 53. Kh5 Bf3+ 54. Kh4 a5 55. g6 Rc8 56. Kg5 Rc7 57. Rf6 Be4 58. Ra6
d4 59. Re6 Rc5+ 60. Kf4 Bxg6 0-1

[Event "Detroit (MI Op/5/35)"]
[Site "?"]
[Date "1990.??.??"]
[Round "?"]
[White "Imai, Toshio"]
[Black "Forte, Joe"]
[Result "0-1"]
[WhiteElo "1810"]
[BlackElo "1970"]
[PlyCount "54"]
[EventDate "1990.??.??"]

{5/(35)} 1. e4 c5 2. d4 cxd4 3. c3 d3 4. c4 Nc6 5. Nf3 g6 6. Bxd3 Bg7 7. Qe2
Nb4 8. O-O d6 9. Rd1 Nh6 10. c5 O-O 11. cxd6 exd6 12. Bc4 Be6 13. Bxe6 fxe6 14.
Qd2 a5 15. a3 Nc6 16. Qxd6 Qxd6 17. Rxd6 Rad8 18. Rxd8 Rxd8 19. Nbd2 Nf7 20.
Rb1 Nfe5 21. Nxe5 Bxe5 22. g3 Nd4 23. Nc4 Bc7 24. Bg5 Nf3+ 25. Kg2 Nxg5 26. e5
b5 27. f4 bxc4 0-1

[Event "Detroit (MI Op/2/19)"]
[Site "?"]
[Date "1990.??.??"]
[Round "?"]
[White "Imai, Toshio"]
[Black "Everett, Morgan"]
[Result "0-1"]
[WhiteElo "1810"]
[BlackElo "2080"]
[PlyCount "60"]
[EventDate "1990.??.??"]

{2/(19)} 1. e4 e5 2. Nf3 Nc6 3. Bc4 Nf6 4. Ng5 d5 5. exd5 Na5 6. d3 Nxc4 7.
dxc4 h6 8. Nf3 e4 9. Nd4 Bc5 10. h3 Qe7 11. Be3 O-O 12. O-O Bd7 13. Nc3 Rad8
14. Qe2 Bb4 15. Bd2 Rfe8 16. Rae1 a6 17. a3 Bd6 18. b4 Qe5 19. Nf3 exf3 20.
Qxe5 Bxe5 21. Re3 fxg2 22. Kxg2 Bd4 23. Rg3 Kh7 24. Nd1 Re2 25. Be3 Bxe3 26.
Nxe3 Ne4 27. Kf3 Nxg3 28. Kxg3 Re8 29. c5 g5 30. c4 f5 0-1

[Event "Detroit (MI Op/7/38)"]
[Site "?"]
[Date "1990.??.??"]
[Round "?"]
[White "Imai, Toshio"]
[Black "Davis, J."]
[Result "1/2-1/2"]
[WhiteElo "1810"]
[BlackElo "1845"]
[PlyCount "29"]
[EventDate "1990.??.??"]

{7/(38)} 1. e4 e5 2. Nf3 d6 3. d4 exd4 4. Bc4 Be7 5. Nxd4 Nf6 6. Nc3 O-O 7. O-O
Nxe4 8. Nxe4 d5 9. Bd3 dxe4 10. Bxe4 Bd6 11. Qh5 g6 12. Qh6 Bxh2+ 13. Qxh2 Qxd4
14. Bf3 Nd7 15. c3 1/2-1/2

[Event "Lansing (Mini-Swiss.4/2)"]
[Site "?"]
[Date "1990.??.??"]
[Round "?"]
[White "Hunt, D."]
[Black "Caron, L."]
[Result "0-1"]
[WhiteElo "1605"]
[BlackElo "1605"]
[PlyCount "116"]
[EventDate "1990.??.??"]

{4/(2)} 1. d4 d5 2. c4 Nf6 3. Nc3 c6 4. Nf3 g6 5. e3 Bg7 6. Bd3 O-O 7. c5 Be6
8. Ng5 Bg4 9. Be2 Bxe2 10. Qxe2 h6 11. Nf3 Nbd7 12. O-O Re8 13. e4 e5 14. Be3
dxe4 15. Nxe5 Nxe5 16. dxe5 Rxe5 17. Rad1 Qc7 18. Qd2 Nd5 19. Bf4 Nxf4 20. Qxf4
f5 21. f3 Rf8 22. Qg3 Qe7 23. Ne2 Qxc5+ 24. Kh1 exf3 25. Qxf3 Re3 26. Qf2 Qe5
27. Nf4 Rf6 28. Rd8+ Bf8 29. Qh4 g5 30. Qf2 gxf4 31. Qh4 Qxb2 32. Re1 Rxe1+ 33.
Qxe1 Qxa2 34. h3 Re6 35. Qh4 Qb1+ 36. Kh2 f3 37. Qg3+ Kf7 38. Qc7+ Re7 39. Qf4
fxg2 40. Qc4+ Re6 41. Kxg2 Be7 42. Rd3 Qb2+ 43. Kh1 b5 44. Qb3 Qxb3 45. Rxb3
Re1+ 46. Kg2 Bd6 47. Rc3 c5 48. Rf3 f4 49. Kf2 Ra1 50. Rd3 Ke6 51. Rd2 c4 52.
Re2+ Be5 53. Kf3 h5 54. Kg2 Kf5 55. Kf3 Bd4 56. Rd2 Ke5 57. Re2+ Be3 58. Rb2 a6
0-1

[Event "Lansing (Feb)"]
[Site "?"]
[Date "1990.??.??"]
[Round "?"]
[White "Hummel, G."]
[Black "Weber, K."]
[Result "1-0"]
[WhiteElo "1605"]
[BlackElo "1605"]
[PlyCount "95"]
[EventDate "1990.??.??"]

1. d4 Nf6 2. Nf3 d6 3. c4 g6 4. Nc3 Bg7 5. Bg5 O-O 6. e3 Bf5 7. Rc1 c5 8. Be2
Qb6 9. b3 Re8 10. O-O Nc6 11. Bxf6 Bxf6 12. Nd5 Qa5 13. Nxf6+ exf6 14. Nh4 Bd7
15. dxc5 Qxc5 16. Rc2 Be6 17. Qa1 Kg7 18. Rfc1 Qe5 19. a3 Qxa1 20. Rxa1 d5 21.
c5 d4 22. b4 dxe3 23. fxe3 Bd5 24. Rc3 Re4 25. Nf3 Rae8 26. Bb5 Rxe3 27. Bxc6
Bxc6 28. Rxe3 Rxe3 29. Kf2 Rc3 30. Nd4 Bd7 31. Ke2 a6 32. Kd2 Rc4 33. Kd3 Bb5
34. Nxb5 axb5 35. Ra2 Rf4 36. Kc3 Kf8 37. a4 bxa4 38. Rxa4 Rf2 39. Ra7 Rxg2 40.
Rxb7 Rxh2 41. c6 Rh1 42. b5 Rc1+ 43. Kd4 g5 44. Kd5 g4 45. c7 g3 46. Rb8+ Kg7
47. c8=Q Rd1+ 48. Ke4 1-0

[Event "Lansing (Mini-Swiss.3/2)"]
[Site "?"]
[Date "1990.??.??"]
[Round "?"]
[White "Hummel, G."]
[Black "Brewer, R."]
[Result "1-0"]
[WhiteElo "1605"]
[BlackElo "1605"]
[PlyCount "119"]
[EventDate "1990.??.??"]

{3/(2)} 1. Nf3 f5 2. c4 g6 3. d4 Bg7 4. Nc3 c6 5. Bg5 h6 6. Bd2 Nf6 7. e3 O-O
8. Bd3 d6 9. O-O Na6 10. a3 Qc7 11. Nh4 Kh7 12. Ne2 Ne4 13. Be1 e5 14. Nf3 Bd7
15. h3 Rae8 16. Nc3 Nf6 17. dxe5 dxe5 18. e4 Nc5 19. exf5 Nxd3 20. fxg6+ Kxg6
21. Qxd3+ e4 22. Qc2 Kh7 23. Bd2 Qc8 24. Nh2 Kh8 25. Rae1 Bf5 26. Qa4 a6 27.
Re3 Rd8 28. Qc2 Rfe8 29. Qc1 Rd3 30. Rfe1 Red8 31. Rxd3 Rxd3 32. Re3 b5 33.
cxb5 axb5 34. Rxd3 exd3 35. Bxh6 Bxh3 36. Bxg7+ Kxg7 37. Qg5+ Kf7 38. gxh3 Qxh3
39. Qg3 Qh7 40. Qc7+ Kg8 41. Qxh7+ Kxh7 42. f3 Nd5 43. Nf1 Nf4 44. Kf2 Kg6 45.
b4 Kf5 46. Ke3 Ke5 47. Nd2 Kf5 48. Na2 Ke5 49. Nc1 Ng2+ 50. Kf2 Nf4 51. Ndb3
Kd5 52. Ke3 Ng2+ 53. Kxd3 Ke5 54. Ne2 Ne1+ 55. Kc3 Nxf3 56. Ned4 Nxd4 57. Nxd4
Kd6 58. Nf5+ Kd5 59. Kd3 Ke5 60. Ne7 1-0

[Event "Detroit (MOR/3/53)"]
[Site "?"]
[Date "1990.??.??"]
[Round "?"]
[White "Houston, Ryan"]
[Black "Sujarit, P."]
[Result "0-1"]
[WhiteElo "1605"]
[BlackElo "1605"]
[PlyCount "102"]
[EventDate "1990.??.??"]

{3/(53)} 1. e4 e5 2. Nf3 Nc6 3. Bb5 a6 4. Bxc6 dxc6 5. Nxe5 Qd4 6. Ng4 Qxe4+ 7.
Ne3 Nf6 8. Nc3 Qe6 9. O-O Be7 10. d4 O-O 11. d5 cxd5 12. Ncxd5 Bd6 13. Nxf6+
Qxf6 14. Re1 Be6 15. Ng4 Qh4 16. Ne5 Rad8 17. g3 Qh3 18. Nf3 Bxg3 19. Qe2 Bd6
20. Qf1 Qxf3 21. Qg2 Qxg2+ 22. Kxg2 Bd5+ 23. f3 Rfe8 24. Bg5 f6 25. Rxe8+ Rxe8
26. Bh4 Re2+ 27. Bf2 Rxc2 28. b3 Bc5 29. Rf1 Rxa2 30. Kg3 Bxf2+ 31. Rxf2 Rxf2
32. Kxf2 Bxb3 33. Ke2 c5 34. Kd3 b5 35. Kc3 Bc4 36. f4 Kf7 37. h3 Ke6 38. h4
Kf5 39. h5 Kxf4 40. h6 gxh6 41. Kc2 h5 42. Kc3 Ke3 43. Kc2 f5 44. Kc3 Ke2 45.
Kc2 f4 46. Kc1 f3 47. Kb2 Kd2 48. Ka1 f2 49. Kb2 h4 50. Ka1 f1=Q+ 51. Kb2 Qc1#
0-1

[Event "Detroit (MOR/1a/18)"]
[Site "?"]
[Date "1990.??.??"]
[Round "?"]
[White "Houston, Ryan"]
[Black "Shaler, S."]
[Result "0-1"]
[WhiteElo "1605"]
[BlackElo "1680"]
[PlyCount "58"]
[EventDate "1990.??.??"]

1. d4 Nf6 2. Nc3 d6 3. e4 g6 4. Nf3 Bg7 5. Bc4 O-O 6. O-O Nc6 7. Nd5 Nxe4 8.
Bb5 Bg4 9. Re1 f5 10. h3 Bxf3 11. Qxf3 Nxd4 12. Qd3 Nxb5 13. Qxb5 c6 14. Qxb7
cxd5 15. Qxd5+ Kh8 16. f3 Nc5 17. Be3 e6 18. Qc6 Rc8 19. Qb5 a6 20. Qb4 Rb8 21.
Qa3 Bxb2 22. Bd4+ Bxd4+ 23. Kh1 Bxa1 24. Rxa1 Qf6 25. Rd1 Rfd8 26. Qe3 Kg7 27.
Rd4 Qe5 28. Qc3 Rb1+ 29. Qe1 Rxe1# 0-1

[Event "Detroit (MOR/5/55)"]
[Site "?"]
[Date "1990.??.??"]
[Round "?"]
[White "Houston, Ryan"]
[Black "Franzen, K."]
[Result "0-1"]
[WhiteElo "1605"]
[BlackElo "1605"]
[PlyCount "36"]
[EventDate "1990.??.??"]

{5/(55)} 1. e4 e5 2. Nf3 Nc6 3. Bb5 a6 4. Bxc6 dxc6 5. Nxe5 Qd4 6. Ng4 Qxe4+ 7.
Ne3 Bh3 8. O-O Qg6 9. Kh1 Bf5 10. Nxf5 Qxf5 11. d4 O-O-O 12. Nc3 Bb4 13. Bd2
Bxc3 14. Bxc3 Rd6 15. Qe2 Nh6 16. d5 Qxd5 17. Bxg7 Rg8 18. Bxh6 Qxg2# 0-1

[Event "Lansing (Mini-Swiss.5/1)"]
[Site "?"]
[Date "1990.??.??"]
[Round "?"]
[White "Householder, James"]
[Black "Thibeault, T."]
[Result "0-1"]
[WhiteElo "1605"]
[BlackElo "1605"]
[PlyCount "108"]
[EventDate "1990.??.??"]

{5/(1)} 1. d4 d5 2. e3 Nf6 3. Bd3 e6 4. Nd2 Nc6 5. f4 Bd7 6. c3 g6 7. Ngf3 Qe7
8. Ne5 Bg7 9. b3 Nh5 10. O-O f6 11. Nxg6 hxg6 12. Bxg6+ Kd8 13. Bxh5 e5 14.
fxe5 fxe5 15. a4 a5 16. Bg6 Ra6 17. Bd3 Rb6 18. Bf5 exd4 19. exd4 Bxf5 20. Rxf5
Qe3+ 21. Kh1 Qxc3 22. Rxd5+ Kc8 23. Qg4+ Kb8 24. Qxg7 Re8 25. Qg3 Qxa1 26. Rc5
Qxd4 27. Rc4 Qf6 28. h3 Rb4 29. Rxb4 Nxb4 30. Nf3 Qa1 31. Qg5 Nd3 32. h4 Nxc1
33. h5 Ne2+ 34. Kh2 Qh8 35. Qxa5 Nf4 36. g4 Qb2+ 37. Kg3 Re4 38. Qd2 Qxb3 39.
Qxf4 Rxf4 40. Kxf4 Qxa4+ 41. Kg3 Qd7 42. h6 Qd6+ 43. Ne5 Qxe5+ 44. Kh4 c5 45.
g5 Qe4+ 46. Kh5 Qe8+ 47. g6 Qe5+ 48. Kg4 Qf6 49. g7 Qg6+ 50. Kf3 Kc7 51. Ke3
Kd6 52. Kf3 Kd5 53. Ke2 Kd4 54. Kd1 Kd3 0-1

[Event "Detroit (RVO/3)"]
[Site "?"]
[Date "1990.??.??"]
[Round "?"]
[White "Householder, James"]
[Black "Given, R."]
[Result "1/2-1/2"]
[WhiteElo "1605"]
[BlackElo "1605"]
[PlyCount "98"]
[EventDate "1990.??.??"]

1. d4 d5 2. e3 Bf5 3. c4 c6 4. Nc3 Nf6 5. Nf3 e6 6. cxd5 cxd5 7. Bb5+ Nfd7 8.
Qa4 a6 9. Ne5 Nc6 10. Bxc6 bxc6 11. Qxc6 Qc8 12. Qxd7+ Qxd7 13. Nxd7 Kxd7 14.
O-O Bb4 15. Bd2 Rab8 16. a3 Bd6 17. b4 Bd3 18. Rfc1 Bc4 19. Na4 e5 20. Nc5+ Ke7
21. Re1 Rhd8 22. Rac1 f6 23. Rc3 Kf7 24. Bc1 Re8 25. Bd2 exd4 26. exd4 Bf4 27.
Rce3 Bxe3 28. fxe3 Kg6 29. Kf2 Kf5 30. h3 h5 31. g4+ hxg4 32. hxg4+ Kxg4 33.
Rg1+ Kh3 34. Kf3 Kh4 35. Rxg7 Rh8 36. Be1+ Kh5 37. Nd7 Kh6 38. Rg3 Rbg8 39.
Nxf6 Rxg3+ 40. Kxg3 Kg5 41. Nd7 Rh1 42. Ne5 Kf5 43. Nf3 Rh8 44. Bd2 Rg8+ 45.
Kf2 Ke4 46. Ne5 Rf8+ 47. Kg2 Rg8+ 48. Kf2 Rf8+ 49. Kg2 Rg8+ 1/2-1/2

[Event "Lansing (Mini-Swiss.5/3)"]
[Site "?"]
[Date "1990.??.??"]
[Round "?"]
[White "Householder, James"]
[Black "Eck, J."]
[Result "0-1"]
[WhiteElo "1605"]
[BlackElo "2720"]
[PlyCount "100"]
[EventDate "1990.??.??"]

{5/(3)} 1. e4 e5 2. f4 d6 3. Nf3 Nf6 4. Nc3 Bg4 5. Be2 exf4 6. d4 Nbd7 7. Bxf4
c5 8. d5 Nh5 9. Bg5 Be7 10. Bxe7 Qxe7 11. Qd3 Nf4 12. Qb5 Nxg2+ 13. Kd2 Bxf3
14. Bxf3 Qg5+ 15. Kd1 Ne3+ 16. Ke2 Nxc2 17. Qd3 Nxa1 18. Rxa1 O-O 19. Qe3 Qe7
20. Rg1 Ne5 21. Qg5 f6 22. Qg3 Nxf3 23. Kxf3 f5 24. Ke2 fxe4 25. h4 Rf3 26. Qg5
Qxg5 27. hxg5 Rf5 28. g6 hxg6 29. Rxg6 Rf6 30. Rg4 Re8 31. Nxe4 Rf5 32. Ke3
Rxd5 33. Kf4 Rf8+ 34. Ke3 Re5 35. Kd3 b5 36. Nxd6 Rd8 37. b4 Rxd6+ 38. Kc3
cxb4+ 39. Kxb4 Rd2 40. a3 Rb2+ 41. Ka5 b4+ 42. Ka4 b3 43. Rb4 Re8 44. Rb7 Rb1
45. Ka5 b2 46. a4 Re2 47. Ka6 Ra1 48. a5 Re6+ 49. Kxa7 Rxa5+ 50. Kb8 Re8+ 0-1

[Event "Flint (Class DEU/2)"]
[Site "?"]
[Date "1990.??.??"]
[Round "?"]
[White "Hogaboom, L."]
[Black "Bates, E."]
[Result "1-0"]
[WhiteElo "1665"]
[BlackElo "1605"]
[PlyCount "55"]
[EventDate "1990.??.??"]

1. d4 d5 2. Nc3 e6 3. g3 Nf6 4. Bg2 Bb4 5. Nf3 Ne4 6. Bd2 Nxd2 7. Qxd2 O-O 8.
Qd3 Bd7 9. O-O-O Qe7 10. e4 Bc6 11. h4 Nd7 12. Ng5 g6 13. e5 Nb6 14. h5 Qxg5+
15. f4 Qg4 16. Bh3 Qxh5 17. Bxe6 Qxd1+ 18. Nxd1 Bd7 19. Bxd7 Nxd7 20. Qb5 Bd2+
21. Kxd2 Rad8 22. Qxb7 c5 23. Qxa7 cxd4 24. Qxd4 Nb8 25. f5 Nc6 26. Qh4 Rfe8
27. Qxh7+ Kf8 28. f6 1-0

[Event "Lansing (MI Am/4/17)"]
[Site "?"]
[Date "1990.??.??"]
[Round "?"]
[White "Hobbs, Raymond"]
[Black "Miller, John"]
[Result "1-0"]
[WhiteElo "1870"]
[BlackElo "1605"]
[PlyCount "85"]
[EventDate "1990.??.??"]

{4/(17)} 1. d4 Nf6 2. c4 e6 3. Bg5 Bb4+ 4. Nc3 c5 5. a3 cxd4 6. Qxd4 Nc6 7. Qd2
Qa5 8. Bxf6 gxf6 9. Rc1 Bxc3 10. Rxc3 b6 11. Nf3 Bb7 12. b4 Qf5 13. Rd3 O-O-O
14. e3 Ne5 15. Nxe5 Qxe5 16. f3 Rhg8 17. Kf2 Qg5 18. e4 Qh4+ 19. Kg1 f5 20.
exf5 e5 21. g3 Qh5 22. Bg2 Qxf5 23. g4 Qe6 24. h3 f5 25. Kh2 fxg4 26. hxg4 e4
27. Rd6 Qe7 28. Kg1 Rdf8 29. f4 Qg7 30. g5 Rf5 31. Bh3 e3 32. Qxe3 Bxh1 33.
Bxf5 Rd8 34. Qd3 Qa1+ 35. Kh2 Qe1 36. Qg3 Qe7 37. Rxd7 Rxd7 38. Bxd7+ Qxd7 39.
Kxh1 Qd1+ 40. Kh2 Qe2+ 41. Qg2 Qh5+ 42. Qh3+ Qxh3+ 43. Kxh3 1-0

[Event "Lansing (MI Am/2/30)"]
[Site "?"]
[Date "1990.??.??"]
[Round "?"]
[White "Hobbs, Raymond"]
[Black "Fletcher, G."]
[Result "1-0"]
[WhiteElo "1870"]
[BlackElo "1605"]
[PlyCount "55"]
[EventDate "1990.??.??"]

{2/(30)} 1. d4 d5 2. c4 e6 3. Nc3 c5 4. cxd5 exd5 5. Nf3 Nc6 6. e3 Bg4 7. Be2
Nf6 8. Ne5 Nxe5 9. dxe5 Bxe2 10. Qxe2 Nd7 11. Nxd5 Nxe5 12. Qb5+ Nd7 13. Qxb7
Bd6 14. Qc6 Qb8 15. f4 c4 16. O-O a5 17. Bd2 Ra7 18. Bc3 O-O 19. Qxc4 Nc5 20.
e4 Re8 21. e5 Bc7 22. Qxc5 Rd8 23. Nxc7 Rxc7 24. Qe3 Rcd7 25. f5 Rd3 26. Qg5
Rxc3 27. f6 g6 28. Qh6 1-0

[Event "Flint (Class DEU/5)"]
[Site "?"]
[Date "1990.??.??"]
[Round "?"]
[White "Hobaboom, L."]
[Black "Thibeault, T."]
[Result "0-1"]
[WhiteElo "1665"]
[BlackElo "1605"]
[PlyCount "68"]
[EventDate "1990.??.??"]

1. d4 d5 2. Nf3 e6 3. g3 Nf6 4. Bg2 Nc6 5. b3 Bd7 6. O-O Bd6 7. Re1 Ne4 8. Nbd2
f5 9. Nxe4 fxe4 10. Nh4 Rf8 11. c4 Qf6 12. cxd5 exd5 13. f3 exf3 14. Rf1 Be6
15. Bxf3 Qxd4+ 16. Qxd4 Nxd4 17. Bh5+ Bf7 18. Nf5 Be5 19. Ba3 Rg8 20. Bxf7+
Kxf7 21. Nxd4+ Kg6 22. Bb2 Rae8 23. h4 h6 24. g4 b6 25. Bc1 Bxd4+ 26. Kh1 Bxa1
27. h5+ Kh7 28. g5 hxg5 29. Bxg5 Rxe2 30. Rf7 Rge8 31. h6 Re1+ 32. Kh2 R8e2+
33. Kh3 Rg1 34. Kh4 Rh2# 0-1

[Event "Lansing (Mini-Swiss.3/2)"]
[Site "?"]
[Date "1990.??.??"]
[Round "?"]
[White "Hill, M."]
[Black "Troupe, D."]
[Result "1-0"]
[WhiteElo "1605"]
[BlackElo "1605"]
[PlyCount "43"]
[EventDate "1990.??.??"]

{3/(2)} 1. c4 Nf6 2. Nc3 e6 3. g3 Bb4 4. Bg2 Bxc3 5. bxc3 d5 6. cxd5 Nxd5 7. e4
Nb6 8. Ne2 O-O 9. O-O e5 10. d4 exd4 11. cxd4 c6 12. Qc2 Bg4 13. f3 Bh5 14. Bb2
Bg6 15. a4 a5 16. Qc3 f6 17. Rfd1 Qe7 18. Ba3 Qe8 19. Bxf8 Qxf8 20. Qb3+ Kh8
21. Qxb6 Nd7 22. Qxb7 1-0